|
|
|
|
| LEADER |
00749cam a2200205 7i4500 |
| 001 |
0000002716 |
| 005 |
20170218090000.0 |
| 020 |
|
|
|a 9780072224764
|
| 020 |
|
|
|a 0072224762 (pbk.)
|
| 090 |
0 |
0 |
|a TK5105.86
|b .S63 2003
|
| 100 |
1 |
|
|a Spalding, Robert
|
| 245 |
1 |
0 |
|a Storage networks :
|b the complete reference
|c Robert Spalding.
|
| 260 |
|
|
|a Berkeley, California:
|b McGraw-Hill/Osborne,
|c 2003.
|
| 300 |
|
|
|a xxxii, 526 p.:
|b ill.;
|c 24 cm.
|
| 500 |
|
|
|a Includes index
|
| 650 |
0 |
0 |
|a File organization (Computer science)
|
| 650 |
0 |
0 |
|a Storage area networks (Computer networks)
|
| 650 |
0 |
0 |
|a Database management
|
| 997 |
|
|
|a Communication, Visual Art & Computing, Faculty
|b Computing, Department
|
| 999 |
|
|
|a 0000009960
|b BOK
|c OPEN SHELF
|e 2nd Floor, Bestari Jaya
|